000 00628nam a2200229Ia 4500
003 OSt
005 20220925211639.0
006 a|||||r|||| 00| 0
007 ta
008 220923b |||||||| |||| 00| 0 eng d
037 _cGeneral Book
040 _aRTL
_cRTL
_beng
041 _2eng
_aeng
082 _aX : 8J . 277Nr, GD
245 0 _aWhat the report of the C and AG says
260 _aKhomia
_bGovt. Press
_c1998
300 _a22p
_ccm.
490 _aNAgaland, Comptroller and Auditor General
650 _aAudit
942 _hX : 8J . 277Nr, GD
_cGB
_2CC
999 _c558318
_d558318